000 00594nam a2200181Ia 4500
003 IN-BaIIA
008 211028s9999 xx 000 0 eng d
020 _a978-3-527-40662-3
040 _cIIA Library
080 _a52(048.1)
_bREV-19
245 0 _aReviews in modern astronomy
_b20, from cosmological structures to the milky way
_cedited by Siegfried Roser
260 _aWeinheim
_bWiley-VCH Verlag Gmbh
_c2006
300 _a343p.
650 _aHubble constant
_932266
650 _aStellar evolution
700 _aRoser, Siegfried., ed.
_932267
942 _cBK
999 _c17132
_d17132